Statistics for Rugby World Cup Top 4 Positions

Click here to take the quiz!

General Stats

  • This quiz has been taken 20,735 times
  • The average score is 7 of 8

Answer Stats

# in Top 4 # Wins Country % Correct
83New Zealand
99%
62Australia
98%
51England
95%
53South Africa
93%
60France
92%
30Wales
88%
10Scotland
87%
20Argentina
71%

Score Distribution

Percentile by Number Answered

Percent of People with Each Score

Your Score History

You have not taken this quiz